Responses for Show #3826 - Monday, April 2, 2001

Bob Fleenor game 4.

Contestants

[<< previous game]

Jeff Granger, an orthopedic surgeon from Logansport, Indiana

Cathy Vrentas, a biology student from State College, Pennsylvania

Bob Fleenor, a newspaper copy editor from Martinsburg, West Virginia (whose 3-day cash winnings total $33,100)

[next game >>]

Jeopardy! Round responses

U.S. "O" TOUR
LANCES
-OLOGIES
PIGSKIN PIX
THAT'LL BE THE DAY
ANAGRAMMED BIRDS
    $100 12
Old Faithful

Bob
    $100 11
'N Sync ("Bye Bye Bye")

Cathy
    $100 6
the Sun

Cathy
    $100 1
The Longest Yard

Bob
    $100 17
Sunday

Bob
    $100 26
cardinal

Cathy
    $200 13
Oahu

Bob
    $200 22
Lance Ito

Bob
    $200 7
China

Bob
    $200 2
Cameron Diaz

Bob
    $200 18
Tuesday

Cathy
    $200 27
peacock

Triple Stumper
    $300 14
Olympia, Washington

Bob
    $300 23
(Bob: What is the javelin?)

the hammer throw

BobJeff
    $300 8
anthropology

Cathy
    $300 3
Remember the Titans

Jeff
    $300 19
Wednesday

Bob
    $300 28
sandpiper

Cathy
    $400 15
the Ohio River

Bob
    $400 24
Lance Burton

Triple Stumper
    $400 9
paleontology

Jeff
    $400 4
The Replacements

Bob
    $1,000 20
Thursday

Bob
    $400 29
pheasant

Triple Stumper
    $500 16
Oak Ridge

Bob
    $500 25
Lance Alworth

Bob
    $500 10
graphology

Jeff
    $500 5
All The Right Moves

Bob
    $500 21
(Cathy: What is Sunday?)

Monday (Monday Night Football)

Cathy
Triple Stumper
    $500 30
swallow

Jeff

Scores at the first commercial break (after clue 10):

Bob Cathy Jeff
$1,400 $400 $1,200

Scores at the end of the Jeopardy! Round:

Bob Cathy Jeff
$4,700 $600 $2,000

Double Jeopardy! Round responses

EARLY AMERICA
POP CULTURE
WOMEN OF THE WORLD
(Alex: You have to give the country of birth)
HOT JOBS
FILL IN THE TITLE
BEFORE & AFTER
    $200 6
New England

Jeff
    $200 26
3-D

Bob
    $200 11
Monaco

Jeff
    $200 16
(C: What is human relations?)

Human resources

BobCathy
    $200 1
Godot

Bob
    $200 21
Rick James Bond

Bob
    $400 7
Jamestown

Bob
    $400 27
The Brain

Jeff
    $400 12
(C: What is Spain?)
(B: What is Italy?)

France

BobCathy
Triple Stumper
    $400 17
Blood

Cathy
    $400 2
The Screw

Bob
    $400 22
Deborah Harry Potter

Jeff
    $600 8
Blackbeard (Edward Teach)

Jeff
    $600 28
The Katzenjammer Kids

Jeff
    $600 13
(J: Czechoslovakia?)
(Alex: No...Jeff, I ruled against you because you didn't phrase that in the form of a question & you have to do that in Double Jeopardy)

Czech Republic (Czechoslovakia)

CathyJeff
    $1,000 18
(Cathy: What is a... boss hop?)

a concierge

Cathy
    $600 3
Giant

Triple Stumper
    $600 23
Larry Bird of Prey

Jeff
    $1,000 9
Duke of York (hence, New York)

Jeff
    $800 29
Kid Rock

Cathy
    $800 14
South Africa

Cathy
    $800 19
Public sector

Cathy
    $800 4
The Glory

Cathy
    $800 24
Victor Mature Audiences

Triple Stumper
    $1000 10
(J: Who is Hume?)

John Locke

CathyJeff
    $1000 30
Slap Shot

Triple Stumper
    $1000 15
(C: What is Jordan?)
(Alex: She is the queen of Jordan, but she was born in the United States (Lisa Halaby))

United States

CathyJeff
    $1000 20
Statistician

Jeff
    $1000 5
The Moon

Cathy
    $1000 25
(C: What is Nathaniel Bacon....fried bacon?)

Canadian Bacon's Rebellion

Cathy
Triple Stumper

Scores at the end of the Double Jeopardy! Round:

Bob Cathy Jeff
$5,900 $3,200 $6,400

[wagering suggestions for these scores]

Final Jeopardy! Round responses

GREEK & ROMAN MYTHOLOGY
(Alex: Jeff, you came up with two elements that in and of themselves are correct; those are the two sons of the response we were going for; we said "this god's 2 companions", and the god is [*], so that's an incorrect response from you.)
CathyWho was Hades?
$2,800
BobWho is Thor?
$500
JeffWho are Phobos & Diemos?
$5,500
Mars

Final scores:

Bob Cathy Jeff
$5,400 $400 $900
4-day champion: $38,500 3rd place: Skagen Denmark Shopping Spree 2nd place: Trip to Sanibel Harbour Resort & Spa, Florida

Game dynamics:

Coryat scores:

Bob Cathy Jeff
$5,300 $4,200 $6,200
21 R
(including 1 DD),
2 W
14 R,
6 W
(including 1 DD)
15 R
(including 1 DD),
2 W

Combined Coryat: $15,700

[game clues] [game scores] [suggest correction]

Game tape date: 2000-12-13
The J! Archive is created by fans, for fans. Scraping, republication, monetization, and malicious use prohibited; this site may use cookies and collect identifying information. See terms. The Jeopardy! game show and all elements thereof, including but not limited to copyright and trademark thereto, are the property of Jeopardy Productions, Inc. and are protected under law. This website is not affiliated with, sponsored by, or operated by Jeopardy Productions, Inc. Join the discussion at JBoard.tv.